<?xml version="1.0" encoding="UTF-8"?>
<record
    xmlns:xsi="http://www.w3.org/2001/XMLSchema-instance"
    xsi:schemaLocation="http://www.loc.gov/MARC21/slim http://www.loc.gov/standards/marcxml/schema/MARC21slim.xsd"
    xmlns="http://www.loc.gov/MARC21/slim">

  <leader>01231nam a2200253 i 4500</leader>
  <controlfield tag="001">185389</controlfield>
  <controlfield tag="003">SpMaBN</controlfield>
  <controlfield tag="005">20230906222423.0</controlfield>
  <controlfield tag="008">160527s2002    xxuh     b   |||| | spa d</controlfield>
  <datafield tag="080" ind1=" " ind2=" ">
    <subfield code="a">821.134.2-14"15/16"(082.2)</subfield>
  </datafield>
  <datafield tag="245" ind1="0" ind2="0">
    <subfield code="a">Bibliograf&#xED;a de la poes&#xED;a &#xE1;urea </subfield>
    <subfield code="b">:  muestra de unos versecillos de la antigua l&#xED;rica popular que se cantaban en los siglos XVI y XVII / </subfield>
    <subfield code="c">banco de datos preparado por Ralph A. DiFranco, Jos&#xE9; J. Labrador Herraiz.</subfield>
  </datafield>
  <datafield tag="246" ind1="3" ind2=" ">
    <subfield code="a">Bibliograf&#xED;a de la poes&#xED;a &#xE1;urea. </subfield>
    <subfield code="p">Banco de datos</subfield>
  </datafield>
  <datafield tag="260" ind1=" " ind2=" ">
    <subfield code="a">Cleveland : </subfield>
    <subfield code="b">[Cleveland State University], </subfield>
    <subfield code="c">2002.</subfield>
  </datafield>
  <datafield tag="300" ind1=" " ind2=" ">
    <subfield code="a">20 p. : </subfield>
    <subfield code="b">facs. ; </subfield>
    <subfield code="c">26 cm.</subfield>
  </datafield>
  <datafield tag="490" ind1="1" ind2=" ">
    <subfield code="a">Cancioneros castellanos. </subfield>
    <subfield code="a">Anejo ; </subfield>
    <subfield code="v">3</subfield>
  </datafield>
  <datafield tag="594" ind1=" " ind2=" ">
    <subfield code="a">En cub.: Obsequio a los amigos de "The 118th MLA Annual Convention, Session 454: The Popular Tradition in Poetry", diciembre 27-30, 2002, New York.</subfield>
  </datafield>
  <datafield tag="650" ind1=" " ind2="7">
    <subfield code="a">Poes&#xED;as l&#xED;ricas espa&#xF1;olas-</subfield>
    <subfield code="y">S.XVI-XVII.</subfield>
    <subfield code="9">159680</subfield>
  </datafield>
  <datafield tag="650" ind1=" " ind2="4">
    <subfield code="a">Cancioneros.</subfield>
    <subfield code="9">159681</subfield>
  </datafield>
  <datafield tag="700" ind1="1" ind2=" ">
    <subfield code="a">DiFranco, Ralph A.</subfield>
    <subfield code="9">44793</subfield>
  </datafield>
  <datafield tag="700" ind1="1" ind2=" ">
    <subfield code="a">Labrador Herraiz, Jos&#xE9; J.</subfield>
    <subfield code="9">69288</subfield>
  </datafield>
  <datafield tag="830" ind1="0" ind2=" ">
    <subfield code="a">Cancioneros castellanos. </subfield>
    <subfield code="a">Anejo ; </subfield>
    <subfield code="v">3</subfield>
    <subfield code="9">225198</subfield>
  </datafield>
  <datafield tag="852" ind1=" " ind2=" ">
    <subfield code="a">ES-MaACL</subfield>
    <subfield code="j">2330-F-22 </subfield>
    <subfield code="z">. - Dedicatoria aut&#xF3;grafa de J.J. Labrador Herraiz</subfield>
  </datafield>
  <datafield tag="999" ind1=" " ind2=" ">
    <subfield code="c">185389</subfield>
    <subfield code="d">185389</subfield>
  </datafield>
  <datafield tag="952" ind1=" " ind2=" ">
    <subfield code="0">0</subfield>
    <subfield code="1">0</subfield>
    <subfield code="4">0</subfield>
    <subfield code="7">0</subfield>
    <subfield code="8">Colecci&#xF3;n_de_folletos</subfield>
    <subfield code="a">ATENEOM</subfield>
    <subfield code="b">ATENEOM</subfield>
    <subfield code="c">DEPOF</subfield>
    <subfield code="d">2016-05-27</subfield>
    <subfield code="e">DON</subfield>
    <subfield code="l">0</subfield>
    <subfield code="o">2330-F-22</subfield>
    <subfield code="p">1195317</subfield>
    <subfield code="r">2023-02-23 00:00:00</subfield>
    <subfield code="w">2023-02-23</subfield>
    <subfield code="y">FOLLETOS</subfield>
  </datafield>
</record>
